Bibliography of Indology (Record no. 39007)
[ view plain ]
| 000 -LEADER | |
|---|---|
| fixed length control field | 00541nam a22001577a 4500 |
| 008 - FIXED-LENGTH DATA ELEMENTS--GENERAL INFORMATION | |
| fixed length control field | 230605b |||||||| |||| 00| 0 eng d |
| 040 ## - CATALOGING SOURCE | |
| Original cataloging agency | National Science Library |
| Transcribing agency | National Science Library |
| 080 ## - UNIVERSAL DECIMAL CLASSIFICATION NUMBER | |
| Universal Decimal Classification number | R 016:571/572(540) |
| Item number | K0 |
| 245 ## - TITLE STATEMENT | |
| Title | Bibliography of Indology |
| Statement of responsibility, etc. | / National Library |
| 260 ## - PUBLICATION, DISTRIBUTION, ETC. | |
| Place of publication, distribution, etc. | Calcutta: |
| Name of publisher, distributor, etc. | National Library, |
| Date of publication, distribution, etc. | 1960 |
| 300 ## - PHYSICAL DESCRIPTION | |
| Extent | 290p. |
| 500 ## - GENERAL NOTE | |
| General note | Vol. 1 (Indian Anthropology)<br/>Vol. 2 (Indian Botany)<br/>Vol. 3 (Bengali language and literature)<br/> |
| 650 ## - SUBJECT ADDED ENTRY--TOPICAL TERM | |
| Topical term or geographic name entry element | Language |
| 653 ## - INDEX TERM--UNCONTROLLED | |
| Uncontrolled term | Dictionaries |
| 942 ## - ADDED ENTRY ELEMENTS (KOHA) | |
| Source of classification or shelving scheme | Universal Decimal Classification |
| Koha item type | Proceedings |
| Withdrawn status | Lost status | Source of classification or shelving scheme | Damaged status | Not for loan | Home library | Current library | Shelving location | Date acquired | Serial Enumeration / chronology | Total Checkouts | Full call number | Barcode | Date last seen | Price effective from | Koha item type |
|---|---|---|---|---|---|---|---|---|---|---|---|---|---|---|---|
| Universal Decimal Classification | National Science Library | National Science Library | GF/Rk-23/C-5/R-2 | 22/05/1963 | Vol. 1 (Indian Anthropology) | R 016:571/572(540) K0 | 2612 | 05/06/2023 | 22/05/1963 | Proceedings | |||||
| Universal Decimal Classification | National Science Library | National Science Library | GF/Rk-23/C-5/R-2 | 22/05/1963 | Vol. 2 (Indian Botany) | R 016:571/572(540) K0.2.2 | 19111 | 05/06/2023 | 22/05/1963 | Proceedings | |||||
| Universal Decimal Classification | National Science Library | National Science Library | GF/Rk-23/C-5/R-2 | 22/05/1963 | Vol. 3 (Bengali language and literature) | R 016:571/572(540) K1.2.2 | 19107 | 05/06/2023 | 22/05/1963 | Proceedings |